000 00470nam a2200193 4500
005 20240219155327.0
008 240219b |||||||| |||| 00| 0 eng d
020 _a9789393313158
_cRs. 1995.00
040 _aMAIN
082 _a300.72
_bB469R
100 _aBhardwaj, Seema
245 _aResearch methodology. V1
260 _aJaipur
_bParadise
_c2024
300 _a298
650 _aResesrch Methodology
650 _aSocial Science
942 _cBK
999 _c314229
_d314229